00793njm a22002297a 450000500170000000700150001700800410003202800220007303500130009504000120010810000210012024501020014126000330024330000930027650000170036950000310038650500800041760000220049765000380051965000030055770000030056020100918153629.0sd ammalaaahaa100913t xxu||||| |||| 00| 0 hin d a2392 243bPolydor aGR-03556 aSED/VEN aMangeshkar, Lata aTen years together /cby Lata Mangeshkar and others ; lyrics by Anand Bakshih[sound recording] : aDum Dum IndiabPolydorc1981 a1 sound disc [Gramophone record] :banalog, 33 1/3 rpmc12.5 in. (LP)fGramophone Record aBrief Record aRecord label :Polydor, Red aSide-1 (Mttua) (Asha Bhosle) Side-२ (Saiyan bina ghar soona) (Bhupinder)  aMangeshkar, Lata  aHindi Films SongxExcerptszIndia